| 000 -CABECERA |
| Longitud fija campo de control |
00542nam a2200181 a 4500 |
| 001 - NÚMERO DE CONTROL |
| Número de control |
5115 |
| 003 - IDENTIFICADOR DEL NÚMERO DE CONTROL |
| Identificador del número de control |
CDMR |
| 005 - FECHA Y HORA DE LA ÚLTIMA TRANSACCIÓN |
| Fecha y hora de la última transacción |
20131023133446.0 |
| 008 - CÓDIGOS DE INFORMACIÓN DE LONGITUD FIJA |
| Códigos de información de longitud fija |
130130s1986||||||||||||||||||||||||||||d |
| 020 ## - NÚMERO INTERNACIONAL NORMALIZADO PARA LIBROS |
| Número Internacional Normalizado para Libros (ISBN) |
2710105632 |
| 040 ## - FUENTE DE LA CATALOGACIÓN |
| Centro catalogador de origen |
CDMR |
| Lengua de catalogación |
cat |
| Centro transcriptor |
CDMR |
| 245 #3 - MENCIÓN DE TÍTULO |
| Título |
Le câble |
| Resto del título |
: la télévision au pluriel: de A à Z toutes les réponses à vos questions |
| 260 ## - PUBLICACIÓN, DISTRIBUCIÓN, ETC. (PIE DE IMPRENTA) |
| Lugar de publicación, distribución, etc. |
Paris |
| Fecha de publicación, distribución, etc. |
1986 |
| Nombre del editor, distribuidor, etc. |
Entreprise Moderne d'Édition |
| 300 ## - DESCRIPCIÓN FÍSICA |
| Extensión |
341 p. |
| 490 0# - MENCIÓN DE SERIE |
| Mención de serie |
Mèdia et vie sociale. |
| -- |
Mission TV Câble |
| 650 04 - PUNTO DE ACCESO ADICIONAL DE MATERIA - TÉRMINO DE MATERIA |
| 9 (RLIN) |
4157 |
| Término de materia o nombre geográfico como elemento inicial |
Televisió per cable |
| 942 ## - ENTRADA DE ELEMENTOS AGREGADOS (KOHA) |
| Koha [por defecto] tipo de item |
Monografies |
| Fuente de clasificaión o esquema |
|